Financing issues still main stumbling block to development recovery (Record no. 83257)

MARC details
000 -LEADER
fixed length control field 01153cab a22002175a 4500
001 - CONTROL NUMBER
control field L153297
008 - FIXED-LENGTH DATA ELEMENTS--GENERAL INFORMATION
fixed length control field 110707s2011 xxk 000 0 eng d
035 ## - SYSTEM CONTROL NUMBER
System control number (Sirsi) u153297
041 0# - LANGUAGE CODE
Language code of text/sound track or separate title eng
100 1# - MAIN ENTRY--PERSONAL NAME
Personal name Morley, Stuart
245 00 - TITLE STATEMENT
Title Financing issues still main stumbling block to development recovery
260 ## - PUBLICATION, DISTRIBUTION, ETC.
Date of publication, distribution, etc. 2011
490 #0 - SERIES STATEMENT
Series statement Sustainablebuilding inc Propertyforecast
Volume/sequential designation (53) May 2011, 14-15(2)
520 ## - SUMMARY, ETC.
Summary, etc. Examines UK commercial property development viability and activity over the last 12 months. Occupier demand and investor demand, key drivers for development activity have shown some improvement in the last year but the lack of available debt finance to investors and developers remains a problem. Looks at development viability, development income, building costs and tender prices, planning policy and obligations, finance, development appraisal and land values, and the development outlook.
590 ## - LOCAL NOTE (RLIN)
Local note KA
651 #4 - SUBJECT ADDED ENTRY--GEOGRAPHIC NAME
Geographic name United Kingdom
Chronological subdivision
690 ## - LOCAL SUBJECT ADDED ENTRY--TOPICAL TERM (OCLC, RLIN)
Topical term or geographic name as entry element PROPERTY-COMMERCIAL PROPERTY-COMMERCIAL PROPERTY FINANCE AND INVESTMENT
690 ## - LOCAL SUBJECT ADDED ENTRY--TOPICAL TERM (OCLC, RLIN)
Topical term or geographic name as entry element BUILT ENVIRONMENT-CONSTRUCTION MARKET
700 1# - ADDED ENTRY--PERSONAL NAME
Personal name Tebbitts, Giles
942 ## - ADDED ENTRY ELEMENTS (KOHA)
Suppress in OPAC 0
Holdings
Withdrawn status Lost status Source of classification or shelving scheme Damaged status Not for loan Home library Current library Shelving location Date acquired Total Checkouts Full call number Barcode Date last seen Copy number Price effective from Koha item type
    Dewey Decimal Classification     London London Journal article 07/07/2011   L153297 153297-1001 06/08/2019 1 06/08/2019 Journal article